Cattle feedloting for improving meat quality for exportation, ការបំប៉នគោ​ ដើម្បីបង្កើនគុណភាពសាច់ សំរាប់ការនាំចេញ (Record no. 1923)

000 -LEADER
fixed length control field 00577nam a22001577a 4500
003 - CONTROL NUMBER IDENTIFIER
control field OSt
005 - DATE AND TIME OF LATEST TRANSACTION
control field 20151005135533.0
008 - FIXED-LENGTH DATA ELEMENTS--GENERAL INFORMATION
fixed length control field 151005b xxu||||| |||| 00| 0 eng d
040 ## - CATALOGING SOURCE
Transcribing agency RUA
082 ## - DEWEY DECIMAL CLASSIFICATION NUMBER
Classification number AMV GNI 2001 B072 Or.1
100 ## - MAIN ENTRY--PERSONAL NAME
9 (RLIN) 2036
Personal name GNIM, BUNCHHOEUN.
245 ## - TITLE STATEMENT
Title Cattle feedloting for improving meat quality for exportation, ការបំប៉នគោ​ ដើម្បីបង្កើនគុណភាពសាច់ សំរាប់ការនាំចេញ
260 ## - PUBLICATION, DISTRIBUTION, ETC. (IMPRINT)
Place of publication, distribution, etc. Phnom Penh
Name of publisher, distributor, etc. RUA
Date of publication, distribution, etc. 2001
300 ## - PHYSICAL DESCRIPTION
Extent vi; 58p.
Other physical details ill.
Dimensions 29cm.
942 ## - ADDED ENTRY ELEMENTS (KOHA)
Source of classification or shelving scheme
Koha item type AVM
Holdings
Price effective from Date last seen Permanent Location Not for loan Date acquired Source of classification or shelving scheme Koha item type Lost status Withdrawn status Total Renewals Date last checked out Total Checkouts Shelving location Damaged status Barcode Current Location Full call number
2015-10-052021-12-03Library Block B 2015-10-05 AVM   2020-11-203B072 RUA017486Library Block BAMV GNI 2001 B072 Or.1
2015-10-052019-08-16Library Block B 2015-10-05 AVM  12019-08-022B072 RUA017420Library Block BAMV GNI 2001 B072 Or.2
2015-10-052016-10-21Library Block B 2015-10-05 AVM   2016-06-061B072 RUA017187Library Block BAMV GNI 2001 B072 Or.3
មជ្ឈមណ្ឌលឯការនៃសាកលវិទ្យាល័យភូមិន្ទកសិកម្មចំការដូង

Powered by Koha